Constitutional development in Libya (Record no. 369091)

000 -LEADER
fixed length control field 00387cam a22001217a 4500
008 - FIXED-LENGTH DATA ELEMENTS--GENERAL INFORMATION
fixed length control field 180718b1956 xxu||||| |||| 00| 0 eng d
082 ## - DEWEY DECIMAL CLASSIFICATION NUMBER
Classification number Cox612 K526
100 ## - MAIN ENTRY--PERSONAL NAME
Personal name Khalidi, Ismail Raghip
245 ## - TITLE STATEMENT
Title Constitutional development in Libya
Statement of responsibility, etc. by Ismail Raghip Khalidi
260 ## - PUBLICATION, DISTRIBUTION, ETC.
Place of publication, distribution, etc. Beirut
Name of publisher, distributor, etc. Khayat's College Book Cooperative
Date of publication, distribution, etc. 1956
300 ## - PHYSICAL DESCRIPTION
Extent 128p.
650 ## - SUBJECT ADDED ENTRY--TOPICAL TERM
Topical term or geographic name entry element Constitutional history --Libya
Holdings
Withdrawn status Lost status Damaged status Not for loan Permanent Location Current Location Date acquired Full call number Barcode Date last seen Price effective from Koha item type
        Indian Institute of Public Administration Indian Institute of Public Administration 1994-05-30 Cox612 K526 27377 2018-07-21 2018-07-21 Book

Powered by Koha